00580nam a2200193Ia 450000500170000000800410001702000180005804000180007604100080009408200210010210000280012324500760015125000120022726000470023930000310028665000260031765000230034365000200036620260123140629.0210716s2004 xx 000 0 und d a9788120325555 cAIMIT LIBRARY aeng a657.42 23bBHAA aBhattacharyya, Asish k. aPrinciples and practice of cost accounting /cBy Asish K Bhattacharyya. a3rd ed. aNew Delhi :bPHI Learning Pvt Ltd ,c2004. axiii,1070p. ;bPB.c23 cm. aCost accounting terms aPayroll accounting aProcess costing